|
|
|
|
| LEADER |
01122nam a2200205 a 4500 |
| 001 |
GR-MES10727 |
| 008 |
060920s1998 gr 000 0 gre|c |
| 040 |
|
|
|a GrPaTEI
|b gre
|c GR-PaULI
|
| 100 |
1 |
|
|a Μητσοτάκης, Εμμανουήλ.
|
| 245 |
1 |
0 |
|a Εφαρμογές με το Excel έκδοση κόστος :
|b σε περιβάλλον Windows με πραγματικά δεδομένα : Standard.cost /
|c Εμμανουήλ Μητσοτάκης.
|
| 260 |
|
|
|a Αθήνα :
|b Κλειδάριθμος,
|c 1998.
|
| 300 |
|
|
|a 138 σ. :
|b σχεδ. ;
|c 24 εκ. +
|e 1 δισκέτα.
|
| 500 |
|
|
|a Στην κορυφή του τίτλου : M.I.S-Logistics.
|
| 630 |
0 |
0 |
|a Microsoft Excel (Computer file)
|
| 650 |
|
4 |
|a Επιχειρήσεις
|x προγράμματα Η/Υ
|
| 650 |
|
4 |
|a Ηλεκτρονικά λογιστικά φύλλα
|
| 942 |
|
|
|2 ddc
|
| 952 |
|
|
|0 0
|1 0
|2 ddc
|4 0
|6 005_369000000000000_ΜΗΤ
|7 0
|9 270038
|a MSLG
|b MSLG
|c BSC
|d 2021-01-17
|e 24
|f 0
|g 0.00
|l 0
|o 005.369 ΜΗΤ
|p 2420000019985
|r 2021-01-17 00:00:00
|t 1
|w 2021-01-17
|y BK15
|x 20060920 0 1
|x GrPaTEI
|
| 971 |
|
|
|a .b25767744
|b 06-07-20
|c 13-09-16
|
| 999 |
|
|
|c 155920
|d 155920
|